00405nam a2200121Ia 45000010005000000080041000050820019000461000089000652450065001542600021002199010028002409990015002681834241024s9999 xx 000 0 und d aRD/372.5/R426n aRepública Dominicana. Secretaría de Estado de Educación, Bellas Artes y Cultos 0aNivel Medio. Modalidad de Artes. Plan Decenal de Educación bEd. Tallerc1995 a29/9/2011 12:18:38 p.m. c8690d8690